Paroles HOUDI - Sensation - Statistiques

Statistiques générales
  • Ce quiz a été pris 177 fois
  • Le résultat moyen est 141 sur 280
Statistiques - réponses
Paroles % Correct
Elle
100%
elle
100%
sensation
99%
des
98%
veut
98%
fraiche
92%
sensations
88%
d'la
87%
à
84%
a
84%
la
74%
74%
t'en
72%
le
71%
que
66%
si
64%
tu
62%
tentation
61%
j'la
59%
coeur
57%
trop
55%
avion
54%
baise
54%
encore
54%
j'aime
54%
j'oublie
53%
mes
53%
ton
53%
mode
52%
soin
52%
accord
51%
j'active
51%
faut
50%
j'prendrai
50%
d'ton
49%
ma
47%
on
46%
sais
46%
fond
44%
fort
44%
m'donnes
44%
mort
43%
pleurs
43%
plus
43%
qu'tu
42%
aura
41%
braise
41%
chaud
41%
comme
41%
fais
41%
les
41%
pas
41%
qu'y
40%
s'aime
40%
c'est
39%
peur
39%
quand
39%
redemandes
39%
dans
38%
love
38%
sirènes
37%
stations
37%
gadji
36%
heure
36%
sur
36%
4
35%
5
35%
comprends
35%
c'qui
35%
j'me
35%
tête
35%
et
34%
j'dors
34%
rends
34%
dièses
33%
films
33%
j'y
33%
l'chant
33%
transports
33%
une
33%
m'fait
32%
passions
32%
désirée
31%
j'bouge
31%
rentres
31%
découvre
30%
façons
30%
j'bicrave
30%
pense
30%
toutes
30%
mille
29%
j'prends
28%
direct
27%
j'connais
27%
vends
27%
il
26%
sous
26%
était
25%
j'oublies
25%
l'ancienne
25%
rêves
23%
y'avait
23%
besoin
22%
heures
21%
l'appart
21%
j'lui
20%
pauvres
20%
d'respirer
19%
qu'j'ai
18%
l'tah
17%
hardcores
16%
choque
15%
khabat
15%
Aucun quiz correspondant
Distribution des résultats
% des personnes avec chaque résultat
Percentile par nombre de réponses
Votre historique - résultats
Vous n’avez pas pris ce quiz